Statistiken für Albi Mall Superliga (Kosovo) Top 4

Klicken Sie hier um das Quiz zu spielen!

Allgemein

  • Dieses Quiz wurde 21 mal gespielt
    (19 seit der letzten Aktualisierung)
  • Das Durchschnittsergebnis liegt bei 4 aus 18

Antwortstatistiken

Antwort% Korrekt
KF Prishtina
100%
KF Liria Prizren
65%
KF Ballkani Suhareka
41%
KF Drita Gjilan
35%
KF Ferizaj
29%
KF Besa Peje
18%
KF Trepça Mitrovica
18%
KF Drenica
12%
KF Kosova Vushtrri
12%
KF Vëllaznimi Gjakovë
12%
KF Dukagjini
6%
KF Feronikeli Glogovac
6%
KF Gjilani
6%
KF Llapi Podujeve
6%
KF Hajvalia Gracanica
0%
KF Hysi
0%
KF KEK-u Kastriot
0%
KF Trepça’89 Mitrovica
0%

Verteilung der Resultate

Perzentil nach korrekt beantworteten Fragen

Anzahl Personen mit jedem Resultat

Ihre Resultats-Entwicklung

Sie haben dieses Quiz seit der letzten Aktualisierung nicht gespielt